000
00296nam a22001337a 4500
008
181018b xxu||||| |||| 00| 0 eng d
020
_a
9780323100892
041
_a
eng
080
_2
9th
_a
610.73
100
_a
2
101
_a
INF
245
_a
Medical Surgical-Nursing
_c
Lewis
942
_2
udc
_c
BK
999
_c
50135
_d
50135